Normal view
MARC view
Entry Topical Term
001 - CONTROL NUMBER
- control field: 37455
003 - CONTROL NUMBER IDENTIFIER
- control field: OSt
005 - DATE AND TIME OF LATEST TRANSACTION
- control field: 20160209134221.0
008 - FIXED-LENGTH DATA ELEMENTS
- fixed length control field: 160209|| aca||aabn | a|a d
040 ## - CATALOGING SOURCE
- Original cataloging agency: OSt
- Transcribing agency: OSt
150 ## - HEADING--TOPICAL TERM
- Topical term or geographic name entry element: Journalism
670 ## - SOURCE DATA FOUND
- Source citation: Work cat.: (OSt)28303: श्रीघर विजयदत्त 37454, मघ्यप्रदेश में पत्रकारिता का इतिहास









